| 000 | 00334nam a22001217a 4500 | ||
|---|---|---|---|
| 008 | 160507b xxu||||| |||| 00| 0 eng d | ||
| 020 | _a9780073305363 | ||
| 020 | _a9780073305363 | ||
| 041 | _aeng | ||
| 080 | _a573 | ||
| 245 |
_aMicrobiology a human perspective: _cEugene W.Nester;Denise G. Anderson;Martha T. Nester; |
||
| 942 |
_2udc _cBK |
||
| 999 |
_c1889 _d1889 |
||